[Event "9th Sunway Sitges 2022"]
[Site "Sitges ESP"]
[Date "2022.12.12"]
[Round "1.1"]
[White "Yu, Yangyi"]
[Black "Webb, Laurence E"]
[Result "1-0"]
[WhiteTitle "GM"]
[BlackTitle "FM"]
[WhiteElo "2728"]
[BlackElo "2201"]
[WhiteFideId "8603820"]
[BlackFideId "402389"]
[EventDate "2022.12.12"]

1. Nf3 Nf6 2. c4 g6 3. Nc3 Bg7 4. d4 c5 5. d5 d6 6. e4 O-O 7. h3 Na6 8. Bd3 Nc7
9. Bg5 a6 10. a4 Rb8 11. a5 b5 12. axb6 Rxb6 13. Qd2 e6 14. O-O exd5 15. exd5
Re8 16. Qf4 Nh5 17. Qc1 Bf6 18. Bh6 Bg7 19. Rb1 Bxh6 20. Qxh6 Qf6 21. Ne4 Qg7
22. Qd2 Bf5 23. Rfe1 Bxe4 24. Rxe4 Rxe4 25. Bxe4 Nf6 26. Bc2 Nd7 27. Ba4 Ne5 28.
Nxe5 Qxe5 29. b3 Rb8 30. Re1 Qf6 31. Qa5 Qd8 32. Re3 Kg7 33. g3 Rb4 34. Re8 Rxa4
35. Qc3+ Qf6 36. Rg8+ Kxg8 37. Qxf6 Ne8 38. Qe7 Ra1+ 39. Kg2 Ng7 40. Qd8+ 1-0

[Event "9th Sunway Sitges 2022"]
[Site "Sitges ESP"]
[Date "2022.12.12"]
[Round "1.2"]
[White "Gaboyan, Susanna"]
[Black "Niemann, Hans Moke"]
[Result "0-1"]
[WhiteTitle "WIM"]
[BlackTitle "GM"]
[WhiteElo "2200"]
[BlackElo "2698"]
[WhiteFideId "13303627"]
[BlackFideId "2093596"]
[EventDate "2022.12.12"]

1. Nf3 c5 2. g3 g6 3. Bg2 Bg7 4. d4 cxd4 5. Nxd4 Nc6 6. Nb3 Nf6 7. Nc3 d6 8. O-O
h5 9. h4 O-O 10. Bg5 Be6 11. e4 Ng4 12. Rb1 Bc4 13. Re1 f6 14. Bf4 g5 15. hxg5
fxg5 16. Bxg5 Rxf2 17. Nd5 Qf8 18. Be3 Bh6 19. Nf4 Rxg2+ 20. Kxg2 e5 21. Nxh5
Nxe3+ 22. Rxe3 Bxe3 23. Qg4+ Kh7 24. Qd7+ Kh8 25. Rh1 Qf2+ 26. Kh3 Rg8 27. Qxd6
Bf1+ 0-1

[Event "9th Sunway Sitges 2022"]
[Site "Sitges ESP"]
[Date "2022.12.12"]
[Round "1.3"]
[White "Van Foreest, Jorden"]
[Black "Ribera Veganzones, Serni"]
[Result "1-0"]
[WhiteTitle "GM"]
[BlackTitle "CM"]
[WhiteElo "2690"]
[BlackElo "2199"]
[WhiteFideId "1039784"]
[BlackFideId "6900860"]
[EventDate "2022.12.12"]

1. e4 c6 2. d4 d5 3. e5 c5 4. dxc5 e6 5. Bd3 Bxc5 6. Qh5 Nc6 7. Nf3 g6 8. Qh3
Qc7 9. Qg3 Bd7 10. c3 O-O-O 11. b4 Be7 12. Bf4 h5 13. h4 Nh6 14. O-O Nf5 15. Qh2
Rdf8 16. Ng5 Kb8 17. Re1 a5 18. a3 Na7 19. Rc1 Bb5 20. Bxb5 Nxb5 21. a4 Na7 22.
Nd2 Bxg5 23. Bxg5 Rc8 24. Nb3 Nc6 25. Bf6 Rhe8 26. Qf4 Qb6 27. Nc5 Ka8 28. Rab1
Rc7 29. Kh2 Rec8 30. f3 d4 31. Ne4 dxc3 32. bxa5 Qd4 33. Rxc3 Nxa5 34. Rxc7 Rxc7
35. Rb5 Qxa4 36. Qd2 Qxb5 37. Qd8+ Ka7 38. Qxc7 Nc6 39. Nd6 Nxd6 40. exd6 Qf5
41. Bg5 Qe5+ 42. f4 Qf5 43. d7 f6 44. Qxc6 bxc6 45. d8=Q fxg5 46. Qc7+ Ka8 47.
Qxc6+ Kb8 48. Qd6+ Kc8 49. hxg5 Qg4 50. Kg1 Qe2 51. Qc6+ Kd8 52. Qc3 Qe4 53. g3
Ke7 54. Kf2 Kd6 55. Qa3+ Kd7 56. Qc5 Ke8 57. Qe3 Qf5 58. Qd4 Qc2+ 59. Ke3 Qc1+
60. Ke4 Qe1+ 61. Qe3 Qa5 62. Qb3 Qf5+ 63. Kd4 Ke7 64. Qb7+ Kd6 65. Qb8+ Ke7 66.
Qc7+ Kf8 67. Qe5 Qf7 68. Kc5 Qa7+ 69. Kc6 Qa4+ 70. Kd6 Qa6+ 71. Kd7 Qb7+ 72.
Kxe6 Qb3+ 73. Qd5 Qxg3 74. Qd8+ Kg7 75. Qc7+ Kh8 76. Kf6 1-0

[Event "9th Sunway Sitges 2022"]
[Site "Sitges ESP"]
[Date "2022.12.12"]
[Round "1.4"]
[White "Ojas, Kulkarni"]
[Black "Cheparinov, Ivan"]
[Result "1/2-1/2"]
[BlackTitle "GM"]
[WhiteElo "2196"]
[BlackElo "2688"]
[WhiteFideId "25040073"]
[BlackFideId "2905540"]
[EventDate "2022.12.12"]

1. d4 Nf6 2. Nf3 g6 3. Bf4 Bg7 4. e3 d6 5. h3 O-O 6. Be2 Nc6 7. O-O Qe8 8. Bh2
e5 9. c4 Ne4 10. Nc3 Nxc3 11. bxc3 Bd7 12. c5 dxc5 13. dxe5 Rd8 14. Qb1 b6 15.
Qe4 Bf5 16. Qf4 Bd3 17. Bxd3 Rxd3 18. Qc4 Rd8 19. Rad1 Qe7 20. Qe4 Na5 21. Bg3
h6 22. e6 Qxe6 23. Qxe6 fxe6 24. Bxc7 Rxd1 25. Rxd1 Nc4 26. e4 Rf7 27. Bg3 b5
28. e5 Rc7 29. Rd8+ Kf7 30. Kf1 b4 31. cxb4 cxb4 32. Ke2 a5 33. Ra8 Rd7 34. h4
Rd5 35. Ra7+ Kg8 36. Ra8+ Kh7 37. Ra7 Na3 38. Ke3 Nb5 39. Rxa5 Bf8 40. Ra8 Bc5+
41. Kf4 Nc3 42. Kg4 Kg7 43. Bf4 Bxf2 44. Rb8 Rb5 45. Rxb5 Nxb5 46. Bd2 Bc5 47.
Ne1 h5+ 48. Kh3 Bd4 49. Bxb4 Bxe5 50. Nd3 Bd4 51. a4 Nc7 52. Bd6 Bb6 53. Nc5 Nd5
54. Nxe6+ Kf7 55. Ng5+ 1/2-1/2

[Event "9th Sunway Sitges 2022"]
[Site "Sitges ESP"]
[Date "2022.12.12"]
[Round "1.5"]
[White "Moussard, Jules"]
[Black "Gasic Merino, Franco"]
[Result "1/2-1/2"]
[WhiteTitle "GM"]
[WhiteElo "2684"]
[BlackElo "2195"]
[WhiteFideId "642908"]
[BlackFideId "3414370"]
[EventDate "2022.12.12"]

1. e4 c5 2. Nf3 d6 3. d4 cxd4 4. Nxd4 Nf6 5. Nc3 a6 6. Bd3 e5 7. Nde2 Be7 8. O-O
Be6 9. f4 exf4 10. Nxf4 Nc6 11. Be3 Ne5 12. a4 O-O 13. a5 Nfd7 14. Ncd5 Bg5 15.
Bd4 Rc8 16. Kh1 Nc5 17. h3 Re8 18. b4 Ncxd3 19. cxd3 Bxf4 20. Nxf4 Qd7 21. Qd2
f6 22. Rae1 Bf7 23. Re3 Qa4 24. Ra1 Qb3 25. Qe1 Rc2 26. Rg3 Rec8 27. Kh2 Kf8 28.
Rb1 Qa2 29. b5 g5 30. Bxe5 dxe5 31. Nd5 Bxd5 32. exd5 Qxd5 33. bxa6 bxa6 34. Rb6
R8c6 35. Qb4+ Kg7 36. Qe7+ Qf7 37. Qd8 Rxb6 38. Qxb6 Qc7 39. Qxa6 Ra2 40. Qe6
Rxa5 41. Qg4 Rd5 42. Qe2 Rd4 43. Re3 Qd6 44. Kh1 Kg6 45. Rf3 h5 46. Re3 Qb8 47.
Qa2 h4 48. Qc2 Kg7 49. Rf3 Rb4 50. Rf1 Qb7 51. Qf2 Qb6 52. Qf5 Qd6 53. Ra1 Rb7
54. Rf1 Qc6 55. Kh2 Rb2 56. Rf3 Qd6 57. Kh1 Rb1+ 58. Rf1 Rb3 59. Ra1 Qd4 60. Rc1
Rb7 61. Rf1 Qd6 62. Rc1 Rd7 63. Rc3 Ra7 64. Rc1 Qd7 65. Qf3 Rb7 66. Ra1 Rc7 67.
Ra6 Qf7 68. Qf5 Qg6 69. Qe6 Qf7 70. Qf5 Qg6 71. Qe6 Qf7 72. Qf5 e4 73. Ra1 e3
74. Re1 Re7 75. d4 Qe6 76. Qf3 Qe4 77. Qd1 f5 78. d5 g4 79. Qa1+ Kg6 80. hxg4
fxg4 81. d6 h3 82. Qa2 Rh7 83. Kg1 hxg2 84. Qxg2 Qd4 85. Qc2+ Kg7 86. Qf5 Qxd6
87. Qxg4+ 1/2-1/2

[Event "9th Sunway Sitges 2022"]
[Site "Sitges ESP"]
[Date "2022.12.12"]
[Round "1.6"]
[White "Cherniack, Alex"]
[Black "Esipenko, Andrey"]
[Result "0-1"]
[BlackTitle "GM"]
[WhiteElo "2188"]
[BlackElo "2678"]
[WhiteFideId "2007606"]
[BlackFideId "24175439"]
[EventDate "2022.12.12"]

1. d4 Nf6 2. c4 e6 3. Nc3 Bb4 4. Bg5 h6 5. Bh4 c5 6. d5 d6 7. e3 g5 8. Bg3 exd5
9. cxd5 h5 10. h4 Ne4 11. Bb5+ Nd7 12. Ne2 a6 13. Ba4 b5 14. Bc2 Nxg3 15. Nxg3
gxh4 16. Nf5 Ne5 17. Kf1 Nc4 18. Qd3 Nxb2 19. Qe4+ Kf8 20. Ne2 Nc4 21. Qf4 Qf6
22. Rd1 Ne5 23. Nxh4 Qxf4 24. exf4 Ng4 25. f5 c4 26. Rd4 Nf6 27. f3 Bb7 28. Be4
Re8 29. Ng3 Rg8 30. Rh3 Re5 31. f4 Re8 32. Bf3 Re1+ 33. Kf2 Ra1 0-1

[Event "9th Sunway Sitges 2022"]
[Site "Sitges ESP"]
[Date "2022.12.12"]
[Round "1.8"]
[White "Joel Paul Ganta"]
[Black "Alekseenko, Kirill"]
[Result "0-1"]
[BlackTitle "GM"]
[WhiteElo "2183"]
[BlackElo "2672"]
[WhiteFideId "35066145"]
[BlackFideId "4135539"]
[EventDate "2022.12.12"]

1. e4 c5 2. Nf3 e6 3. d4 cxd4 4. Nxd4 Nc6 5. Nc3 Qc7 6. Be3 a6 7. g4 h6 8. f4 b5
9. Nxc6 Qxc6 10. Rg1 Bb7 11. e5 Rc8 12. Bg2 Qc7 13. Ne4 Bd5 14. Qd4 Qb7 15. Nd6+
Bxd6 16. Bxd5 Qxd5 17. exd6 Rxc2 18. Qxd5 exd5 19. Kd1 Rc6 20. Rc1 Nf6 21. Bd4
Kd8 22. g5 hxg5 23. Rxg5 Ne8 24. Rxd5 Rxh2 25. Rc3 Rh6 26. Ke2 Rhxd6 27. Rxc6
Rxc6 28. a4 bxa4 29. Ra5 f6 30. Rxa4 Nd6 31. Bc3 Nb5 32. Ba5+ Ke7 33. Kd3 Ke6
34. Re4+ Kf5 35. Re7 Rd6+ 36. Ke3 Re6+ 37. Rxe6 dxe6 38. Bd2 e5 0-1

[Event "9th Sunway Sitges 2022"]
[Site "Sitges ESP"]
[Date "2022.12.12"]
[Round "1.9"]
[White "Korobov, Anton"]
[Black "Wong, Zhenyong Jayden"]
[Result "1/2-1/2"]
[WhiteTitle "GM"]
[BlackTitle "CM"]
[WhiteElo "2662"]
[BlackElo "2181"]
[WhiteFideId "14105730"]
[BlackFideId "5821975"]
[EventDate "2022.12.12"]

1. c4 Nf6 2. Nc3 e6 3. e4 c5 4. e5 Ng8 5. Nf3 Nc6 6. d4 cxd4 7. Nxd4 Nxe5 8.
Ndb5 f6 9. Be3 a6 10. Nd6+ Bxd6 11. Qxd6 Ne7 12. Bb6 Nf5 13. Qc5 d6 14. Bxd8
dxc5 15. Ba5 Bd7 16. Ne4 Rc8 17. O-O-O Bc6 18. Nxc5 Nxc4 19. Bxc4 Bd5 20. Bxd5
Rxc5+ 21. Kb1 Rxd5 22. Rxd5 exd5 23. Rd1 Ne7 24. Bb4 Kd7 25. Bxe7 Kxe7 26. Rxd5
Rc8 27. Rd3 1/2-1/2

[Event "9th Sunway Sitges 2022"]
[Site "Sitges ESP"]
[Date "2022.12.12"]
[Round "1.11"]
[White "Demchenko, Anton"]
[Black "Sherman, Reem"]
[Result "1-0"]
[WhiteTitle "GM"]
[WhiteElo "2632"]
[BlackElo "2179"]
[WhiteFideId "4160258"]
[BlackFideId "2822288"]
[EventDate "2022.12.12"]

1. e4 c5 2. Nf3 g6 3. Bc4 Bg7 4. c3 e6 5. d4 cxd4 6. Nxd4 a6 7. O-O Ne7 8. Nd2
Nbc6 9. N2f3 Qc7 10. Bb3 h6 11. Be3 O-O 12. Qd2 Kh7 13. Nxc6 bxc6 14. Bc5 d5 15.
e5 Re8 16. Rfe1 Qa5 17. Qd4 Nf5 18. Qb4 Qxb4 19. cxb4 Bf8 20. Bxf8 Rxf8 21. Rec1
Bd7 22. g4 Ne7 23. Ne1 f5 24. exf6 Rxf6 25. Nd3 g5 26. Ne5 Be8 27. a3 Rf4 28. h3
Kg7 29. Re1 Kf6 30. Re3 Ng6 31. Nd3 Rd4 32. Rae1 Bf7 33. Ba4 Rc8 34. Nc5 Nf4 35.
Nxa6 Rd2 36. Nc5 Rxb2 37. Bb3 Rh8 38. Bd1 Rb1 39. Nd7+ Kg7 40. Ne5 Rc8 41. Ba4
Rxe1+ 42. Rxe1 Nxh3+ 43. Kh2 Nxf2 44. Rf1 Nxg4+ 45. Nxg4 Ra8 46. Bxc6 Rxa3 47.
Ne5 Bg6 48. Nxg6 Kxg6 49. Rb1 Ra6 50. b5 Rb6 51. Ra1 Kf5 52. Ra6 Rb8 53. Bd7 d4
54. Bxe6+ Kf4 55. Bc4 h5 56. Rd6 Ke3 57. b6 g4 58. Kg3 Rh8 59. b7 h4+ 60. Kxg4
h3 61. Rh6 Rb8 62. Rxh3+ Kd2 63. Ba6 Kc2 64. Kf4 d3 65. Bxd3+ Kc3 66. Bf5+ Kb4
67. Bc8 1-0

[Event "9th Sunway Sitges 2022"]
[Site "Sitges ESP"]
[Date "2022.12.12"]
[Round "1.12"]
[White "Stanetzek, Carsten"]
[Black "Jones, Gawain C B"]
[Result "0-1"]
[BlackTitle "GM"]
[WhiteElo "2172"]
[BlackElo "2630"]
[WhiteFideId "4616634"]
[BlackFideId "409561"]
[EventDate "2022.12.12"]

1. e4 e5 2. Nf3 Nc6 3. Bc4 Bc5 4. O-O Nf6 5. d3 d6 6. c3 a5 7. a4 Bb6 8. Nbd2
Ne7 9. Ba2 c6 10. Nc4 Bc7 11. Qe2 Ng6 12. Rd1 O-O 13. d4 exd4 14. Rxd4 Qe7 15.
Bg5 d5 16. Ncd2 Bb6 0-1

[Event "9th Sunway Sitges 2022"]
[Site "Sitges ESP"]
[Date "2022.12.12"]
[Round "1.13"]
[White "Petrosyan, Manuel"]
[Black "Perkampus, Laurin"]
[Result "1-0"]
[WhiteTitle "GM"]
[WhiteElo "2621"]
[BlackElo "2168"]
[WhiteFideId "13300857"]
[BlackFideId "16232283"]
[EventDate "2022.12.12"]

1. Nf3 Nf6 2. d4 g6 3. Nbd2 d5 4. e3 Bg7 5. b4 a5 6. b5 c5 7. bxc6 Nxc6 8. a4
O-O 9. Ba3 Bf5 10. c3 Re8 11. Bb5 Ne4 12. Nxe4 Bxe4 13. O-O Qc7 14. Rc1 Red8 15.
Nd2 Bf5 16. c4 dxc4 17. Nxc4 e5 18. d5 Nb4 19. e4 Bc8 20. d6 Qb8 21. Nb6 Be6 22.
Bxb4 axb4 23. d7 Bf8 24. Qd3 Ra5 25. Rc8 Rxc8 26. Nxc8 Bxd7 27. Qxd7 Ra8 28. Bc4 1-0

[Event "9th Sunway Sitges 2022"]
[Site "Sitges ESP"]
[Date "2022.12.12"]
[Round "1.14"]
[White "De Santis, Alessio"]
[Black "Karthikeyan, Murali"]
[Result "0-1"]
[WhiteTitle "FM"]
[BlackTitle "GM"]
[WhiteElo "2159"]
[BlackElo "2620"]
[WhiteFideId "803405"]
[BlackFideId "5074452"]
[EventDate "2022.12.12"]

1. b3 d5 2. Bb2 Bf5 3. Nf3 e6 4. g3 h6 5. Bg2 Nf6 6. O-O Be7 7. d3 O-O 8. Nbd2
a5 9. a3 Nbd7 10. c4 c6 11. Bc3 Qc7 12. Qb1 e5 13. cxd5 cxd5 14. Rc1 Qb6 15. e4
Bh7 16. b4 Ng4 17. Rf1 Rfc8 18. bxa5 Qxb1 19. Nxb1 dxe4 20. dxe4 Bxe4 21. Bb4
Bc5 22. h3 Bxf2+ 23. Rxf2 Nxf2 24. Kxf2 Rc1 25. Nfd2 Bxg2 26. Kxg2 Nc5 27. Ra2
Nd3 28. Ra1 Rd8 29. g4 Nxb4 30. axb4 Rxd2+ 31. Nxd2 Rxa1 32. Nc4 Rb1 0-1

[Event "9th Sunway Sitges 2022"]
[Site "Sitges ESP"]
[Date "2022.12.12"]
[Round "1.15"]
[White "Grigoryan, Karen H."]
[Black "Hryzlova, Sofiia"]
[Result "1-0"]
[WhiteTitle "GM"]
[BlackTitle "WIM"]
[WhiteElo "2619"]
[BlackElo "2157"]
[WhiteFideId "13301004"]
[BlackFideId "14174669"]
[EventDate "2022.12.12"]

1. d4 Nf6 2. c4 e6 3. Nf3 d5 4. Nc3 c5 5. e3 Nc6 6. a3 cxd4 7. exd4 Be7 8. Be3
O-O 9. Rc1 a6 10. c5 Ne4 11. Na4 f5 12. g3 g5 13. Bd3 f4 14. gxf4 gxf4 15. Bd2
Bh4 16. Rg1+ Kh8 17. Bxe4 dxe4 18. Nxh4 Qxh4 19. Bc3 e5 20. d5 Qxh2 21. Rf1 Rd8
22. Qe2 Nd4 23. Qxe4 f3 24. Bxd4 exd4 25. Qxd4+ Kg8 26. Kd2 Bf5 27. Rh1 1-0

[Event "9th Sunway Sitges 2022"]
[Site "Sitges ESP"]
[Date "2022.12.12"]
[Round "1.16"]
[White "Baert, Andy"]
[Black "Aryan, Chopra"]
[Result "0-1"]
[WhiteTitle "FM"]
[BlackTitle "GM"]
[WhiteElo "2156"]
[BlackElo "2618"]
[WhiteFideId "200107"]
[BlackFideId "5084423"]
[EventDate "2022.12.12"]

1. c4 Nf6 2. Nc3 g6 3. Nf3 Bg7 4. e4 d6 5. d4 O-O 6. Be2 e5 7. O-O Na6 8. Re1 c6
9. dxe5 dxe5 10. Nxe5 Qxd1 11. Bxd1 Nc5 12. Bc2 Re8 13. f4 Rxe5 14. fxe5 Ng4 15.
Bf4 Nxe5 16. Bxe5 Bxe5 17. Rad1 Be6 18. Bd3 a5 19. Bf1 a4 20. a3 Ra6 21. Rd2 Rb6
22. Nd1 h5 23. g3 Kg7 24. Re3 Nb3 25. Rd8 Bd4 26. Ra8 Bg4 0-1

[Event "9th Sunway Sitges 2022"]
[Site "Sitges ESP"]
[Date "2022.12.12"]
[Round "1.17"]
[White "Bernadskiy, Vitaliy"]
[Black "Voiteanu, Gabriel"]
[Result "1-0"]
[WhiteTitle "GM"]
[BlackTitle "FM"]
[WhiteElo "2617"]
[BlackElo "2152"]
[WhiteFideId "14100371"]
[BlackFideId "1208810"]
[EventDate "2022.12.12"]

1. c4 c6 2. Nf3 Nf6 3. b3 d5 4. Bb2 Bf5 5. d3 e6 6. Nbd2 Be7 7. Nh4 Bg6 8. Nxg6
hxg6 9. g3 O-O 10. Bg2 Nbd7 11. O-O b5 12. Rc1 Rb8 13. cxd5 cxd5 14. e4 dxe4 15.
dxe4 Nc5 16. e5 Nd5 17. Nf3 Nb4 18. Bd4 Rc8 19. Qe2 Qa5 20. Ra1 Nd5 21. Rfc1
Rfd8 22. Bf1 a6 23. h4 Nb7 24. a4 Qb4 25. axb5 axb5 26. Rxc8 Rxc8 27. Qxb5 Qxb5
28. Bxb5 Bb4 29. Ba6 Rc7 30. Bxb7 Rxb7 31. Ra8+ Bf8 32. Bc5 Ne7 33. Bd6 f6 34.
Nd4 Kf7 35. Nc6 1-0

[Event "9th Sunway Sitges 2022"]
[Site "Sitges ESP"]
[Date "2022.12.12"]
[Round "1.18"]
[White "Nurgaliyev, Sauat"]
[Black "Puranik, Abhimanyu"]
[Result "0-1"]
[WhiteTitle "CM"]
[BlackTitle "GM"]
[WhiteElo "2150"]
[BlackElo "2616"]
[WhiteFideId "13726285"]
[BlackFideId "5061245"]
[EventDate "2022.12.12"]

1. e4 c5 2. Nf3 Nc6 3. d4 cxd4 4. Nxd4 Nf6 5. Nc3 d6 6. Be2 e5 7. Nxc6 bxc6 8.
O-O Be7 9. Kh1 Qc7 10. f4 exf4 11. Bxf4 O-O 12. Bc4 Ng4 13. Bb3 Ne5 14. Bxe5
dxe5 15. Qh5 g6 16. Rxf7 Rxf7 17. Bxf7+ Kg7 18. Qf3 Ba6 19. Bb3 Rf8 20. Qh3 Qd6
21. Qg3 Rf4 22. Qh3 Qd2 23. Qe6 Bf1 24. Qxe5+ Kh6 25. Ne2 Bxg2+ 26. Kg1 Qe3+ 0-1

[Event "9th Sunway Sitges 2022"]
[Site "Sitges ESP"]
[Date "2022.12.12"]
[Round "1.19"]
[White "Safarli, Eltaj"]
[Black "Wecker, Martin"]
[Result "1-0"]
[WhiteTitle "GM"]
[WhiteElo "2616"]
[BlackElo "2150"]
[WhiteFideId "13402129"]
[BlackFideId "12931462"]
[EventDate "2022.12.12"]

1. e4 c5 2. Nf3 e6 3. Nc3 Nc6 4. Bb5 Nge7 5. O-O a6 6. Bxc6 Nxc6 7. d4 cxd4 8.
Nxd4 Be7 9. Nxc6 dxc6 10. e5 Qc7 11. Re1 O-O 12. Bf4 f5 13. exf6 Qxf4 14. fxe7
Re8 15. Qd8 Qf7 16. Rad1 Qxe7 17. Qxe7 Rxe7 18. Rd8+ Kf7 19. Ne4 Rc7 20. Ng5+ 1-0

[Event "9th Sunway Sitges 2022"]
[Site "Sitges ESP"]
[Date "2022.12.12"]
[Round "1.20"]
[White "Kholopov, Alexander A."]
[Black "Durarbayli, Vasif"]
[Result "0-1"]
[WhiteTitle "FM"]
[BlackTitle "GM"]
[WhiteElo "2146"]
[BlackElo "2612"]
[WhiteFideId "4148100"]
[BlackFideId "13402935"]
[EventDate "2022.12.12"]

1. d4 Nf6 2. c4 e6 3. Nc3 Bb4 4. Qc2 O-O 5. e4 d5 6. e5 Ne4 7. Bd3 c5 8. a3
Bxc3+ 9. bxc3 cxd4 10. cxd4 Qa5+ 11. Kf1 f6 12. Bxe4 dxe4 13. exf6 Rxf6 14. Ne2
Nc6 15. Be3 Qa6 16. Kg1 Bd7 17. Ng3 Rg6 18. Nxe4 Na5 19. Rc1 Rc8 20. c5 Bc6 21.
h4 Rg4 22. Ng3 Bd5 23. Rh3 Nc4 24. Qe2 h5 25. f3 Qxa3 26. fxg4 Nxe3 27. Re1 Nxg2
28. Rf1 Nxh4 29. gxh5 Rf8 30. Rxf8+ Kxf8 31. Qf1+ Nf3+ 32. Kf2 Ng5 33. Rh4 Qf3+
34. Kg1 Ke7 0-1

[Event "9th Sunway Sitges 2022"]
[Site "Sitges ESP"]
[Date "2022.12.12"]
[Round "1.21"]
[White "Adhiban, Baskaran"]
[Black "Priyanka, K"]
[Result "1-0"]
[WhiteTitle "GM"]
[BlackTitle "WIM"]
[WhiteElo "2611"]
[BlackElo "2146"]
[WhiteFideId "5018471"]
[BlackFideId "5082986"]
[EventDate "2022.12.12"]

1. g3 g6 2. Bg2 Bg7 3. c4 d6 4. d4 Nf6 5. Nc3 O-O 6. Nf3 c6 7. e4 Qc7 8. O-O e5
9. h3 Nbd7 10. Re1 Re8 11. Be3 Nf8 12. d5 c5 13. a3 a6 14. Bf1 h6 15. b4 b6 16.
Rb1 N8d7 17. Qc1 Kh7 18. Kg2 Rb8 19. Bd3 Ng8 20. Rh1 Rf8 21. g4 Ne7 22. Ne2 a5
23. bxa5 bxa5 24. Rxb8 Qxb8 25. Bd2 Qb3 26. Qc3 Qxc3 27. Bxc3 a4 28. Ba5 Ba6 29.
Bc7 Ra8 30. Bxd6 Nc8 31. Bc7 Ra7 32. Bd8 Rb7 33. Nd2 Rb2 34. Ba5 Ra2 35. Nb1 Nd6
36. Nec3 Rb2 37. Nxa4 Rb3 38. Bc2 Rb7 39. Nd2 Bxc4 40. Rb1 Rxb1 41. Bxb1 Ba6 42.
Nb2 Bf6 43. Bd3 Bxd3 44. Nxd3 Bg5 45. Nf3 Nxe4 46. Nfxe5 Ndf6 47. f3 Nd6 48. f4
Bh4 49. Bc7 Nb5 50. Bd8 Nxa3 51. Nxc5 Nxd5 52. Bxh4 Nxf4+ 53. Kh2 Kg7 54. Be7
Nb5 55. Ncd7 Ne6 56. Bf6+ Kg8 57. Nc6 Kh7 58. Be5 f5 59. gxf5 gxf5 60. Kg3 f4+
61. Kg4 Kg6 62. h4 h5+ 63. Kf3 Nbc7 64. Nf8+ Kf5 65. Nxe6 Nxe6 66. Bc3 Nf8 67.
Nd4+ Kg6 68. Ne2 Kh6 69. Nxf4 Nd7 70. Ke4 1-0

[Event "9th Sunway Sitges 2022"]
[Site "Sitges ESP"]
[Date "2022.12.12"]
[Round "1.22"]
[White "Van Kessel, Wessel"]
[Black "Kollars, Dmitrij"]
[Result "0-1"]
[BlackTitle "GM"]
[WhiteElo "2145"]
[BlackElo "2610"]
[WhiteFideId "233404"]
[BlackFideId "12909572"]
[EventDate "2022.12.12"]

1. c4 e5 2. Nc3 Bb4 3. Nd5 Be7 4. d4 d6 5. e4 Nf6 6. Nxe7 Qxe7 7. f3 O-O 8. Ne2
Nfd7 9. g4 exd4 10. Qxd4 Nc6 11. Qc3 Nc5 12. Be3 a5 13. h4 Qe5 14. Qd2 Qxb2 15.
Qxb2 Nd3+ 16. Kd2 Nxb2 17. Nd4 Ne5 18. Kc3 Na4+ 19. Kb3 Nc5+ 20. Kc3 Bd7 21. Be2
Rae8 22. Rag1 f6 23. Rg2 g6 24. h5 g5 25. Rb1 Kf7 26. Nb5 Rc8 27. Na7 Rb8 28.
Nb5 Rfc8 29. Na7 Rd8 30. Nb5 Ne6 31. Nd4 Nc5 32. Nb5 Bxb5 33. Rxb5 b6 34. Rb1
Ne6 35. Rf2 Ke7 36. Bd1 Rb7 37. Rd2 Rdb8 38. Be2 Nf4 39. Bxf4 gxf4 40. Rd5 c6
41. Rd2 b5 42. cxb5 cxb5 43. Rd5 Rc7+ 44. Kd2 Rc5 45. Rb3 b4 46. Rd4 Rbc8 47.
Bd1 Nc4+ 48. Ke2 Na3 49. Rbd3 Nb5 0-1

[Event "9th Sunway Sitges 2022"]
[Site "Sitges ESP"]
[Date "2022.12.12"]
[Round "1.23"]
[White "Aravindh, Chithambaram VR."]
[Black "Leftheriotis, Alexandros"]
[Result "1-0"]
[WhiteTitle "GM"]
[WhiteElo "2607"]
[BlackElo "2143"]
[WhiteFideId "5072786"]
[BlackFideId "25820770"]
[EventDate "2022.12.12"]

1. Nf3 Nf6 2. g3 d5 3. Bg2 Bg4 4. O-O c6 5. d3 Nbd7 6. Nbd2 e5 7. e4 dxe4 8.
dxe4 Be7 9. Qe1 O-O 10. Nc4 Qc7 11. Ne3 Bh5 12. Nf5 Bc5 13. Nd2 Rfe8 14. Nb3 Bf8
15. h3 a5 16. a4 Nc5 17. Nxc5 Bxc5 18. Kh1 Qb6 19. Bg5 Nd7 20. f4 f6 21. Bh4 Bf7
22. Rd1 Nf8 23. fxe5 fxe5 24. Qc3 Qb4 25. Qf3 Be6 26. b3 Ng6 27. Bg5 Rf8 28. h4
h6 29. Bd2 Qb6 30. Qg4 Kh7 31. h5 Bxf5 32. exf5 Ne7 33. f6 gxf6 34. Be4+ Kh8 35.
Bxh6 Rg8 36. Qe6 1-0

[Event "9th Sunway Sitges 2022"]
[Site "Sitges ESP"]
[Date "2022.12.12"]
[Round "1.24"]
[White "Jeet, Jain"]
[Black "Dardha, Daniel"]
[Result "0-1"]
[WhiteTitle "FM"]
[BlackTitle "GM"]
[WhiteElo "2141"]
[BlackElo "2606"]
[WhiteFideId "5073022"]
[BlackFideId "240990"]
[EventDate "2022.12.12"]

1. e4 c5 2. Nf3 d6 3. Bb5+ Bd7 4. Bxd7+ Nxd7 5. O-O Ngf6 6. Qe2 e6 7. c3 Be7 8.
d4 O-O 9. e5 Ne8 10. Nbd2 cxd4 11. cxd4 dxe5 12. dxe5 Nc7 13. Ne4 Nd5 14. Bd2
Rc8 15. Qb5 N7b6 16. Rac1 Qd7 17. Qb3 h6 18. h3 Rxc1 19. Rxc1 Rc8 20. Rxc8+ Qxc8
21. Bc3 Nd7 22. g3 Qc6 23. Bd4 a5 24. Nfd2 b5 25. a3 Bf8 26. f4 N7b6 27. Qd1 b4
28. axb4 Bxb4 29. Kf2 Nc4 30. b3 Nxd2 31. Nxd2 Ne7 32. Nf3 Nf5 33. Qd3 Nxd4 34.
Nxd4 Bc5 35. Qc4 Qb6 36. Ke3 Bxd4+ 37. Qxd4 Qxb3+ 38. Kf2 a4 39. Qd8+ Kh7 40.
Qe7 a3 0-1

[Event "9th Sunway Sitges 2022"]
[Site "Sitges ESP"]
[Date "2022.12.12"]
[Round "1.25"]
[White "Sanal, Vahap"]
[Black "Noria Silvestre, Joaquin"]
[Result "1-0"]
[WhiteTitle "GM"]
[WhiteElo "2597"]
[BlackElo "2138"]
[WhiteFideId "6300545"]
[BlackFideId "2200619"]
[EventDate "2022.12.12"]

1. e4 d5 2. exd5 Qxd5 3. Nc3 Qa5 4. d4 c6 5. Nf3 Bf5 6. Bc4 Nf6 7. Qe2 e6 8. Bd2
Qd8 9. O-O-O Bb4 10. Ne5 Bxc3 11. Bxc3 Be4 12. Rhe1 O-O 13. g4 Bd5 14. Bd3 Nfd7
15. Bb4 c5 16. Nxd7 Nxd7 17. dxc5 a5 18. Ba3 Qg5+ 19. Kb1 Rfc8 20. c4 Bc6 21.
Bc2 Nf6 22. h3 Re8 23. b3 e5 24. Bc1 Qh4 25. Qe3 e4 26. Rd6 Re7 27. f4 Ne8 28.
Rd2 Nc7 29. f5 Na6 30. a3 Nxc5 31. Qxc5 1-0

[Event "9th Sunway Sitges 2022"]
[Site "Sitges ESP"]
[Date "2022.12.12"]
[Round "1.26"]
[White "Saya, Ethan"]
[Black "Cheng, Bobby"]
[Result "0-1"]
[WhiteTitle "FM"]
[BlackTitle "GM"]
[WhiteElo "2138"]
[BlackElo "2583"]
[WhiteFideId "26095181"]
[BlackFideId "4300033"]
[EventDate "2022.12.12"]

1. d4 Nf6 2. c4 e6 3. Nc3 Bb4 4. Bd2 O-O 5. Nf3 d5 6. e3 b6 7. cxd5 exd5 8. Bd3
Bd6 9. Ne5 c5 10. Rc1 Bb7 11. O-O Nc6 12. Ng4 Ne8 13. dxc5 bxc5 14. f4 Be7 15.
e4 Nb4 16. Bb1 dxe4 17. Be3 Nd3 18. Rc2 Nd6 19. f5 h5 20. f6 hxg4 21. fxg7 Re8
22. Qxg4 Bf6 23. Rd2 Re6 24. Bxc5 Bxg7 0-1